Constitutional rights & limitations (Record no. 423989)
[ view plain ]
| 000 -LEADER | |
|---|---|
| fixed length control field | 00447cam a22001457a 4500 |
| 008 - FIXED-LENGTH DATA ELEMENTS--GENERAL INFORMATION | |
| fixed length control field | 180718b1956 xxu||||| |||| 00| 0 eng d |
| 082 ## - DEWEY DECIMAL CLASSIFICATION NUMBER | |
| Classification number | C41X54 C393 |
| 100 ## - MAIN ENTRY--PERSONAL NAME | |
| Personal name | Chaudhri, A.S. |
| 245 ## - TITLE STATEMENT | |
| Title | Constitutional rights & limitations |
| Statement of responsibility, etc. | by A.S. Chaudhri |
| 260 ## - PUBLICATION, DISTRIBUTION, ETC. | |
| Place of publication, distribution, etc. | Allahabad |
| Name of publisher, distributor, etc. | Wadhwa & Company |
| Date of publication, distribution, etc. | 1956 |
| 300 ## - PHYSICAL DESCRIPTION | |
| Extent | v |
| 500 ## - GENERAL NOTE | |
| General note | Contents;v.1. lxx, 939p; v.2. lix, 942-2138p |
| 650 ## - SUBJECT ADDED ENTRY--TOPICAL TERM | |
| Topical term or geographic name entry element | Constitutional law --India |
| 650 ## - SUBJECT ADDED ENTRY--TOPICAL TERM | |
| Topical term or geographic name entry element | Civil rights --India |
| Withdrawn status | Lost status | Damaged status | Not for loan | Permanent Location | Current Location | Date acquired | Full call number | Barcode | Date last seen | Price effective from | Koha item type |
|---|---|---|---|---|---|---|---|---|---|---|---|
| Indian Institute of Public Administration | Indian Institute of Public Administration | 2009-09-14 | C41X54 C393/58 | 11297 | 2018-07-21 | 2018-07-21 | Book | ||||
| Indian Institute of Public Administration | Indian Institute of Public Administration | 2009-09-14 | C41X54 C393/58 | 11296 | 2018-07-21 | 2018-07-21 | Book | ||||
| Indian Institute of Public Administration | Indian Institute of Public Administration | 2009-09-14 | C41X54 C393/58 | 11295 | 2018-07-21 | 2018-07-21 | Book | ||||
| Indian Institute of Public Administration | Indian Institute of Public Administration | 2009-09-14 | C41X54 C393 | 3641 | 2018-07-21 | 2018-07-21 | Book | ||||
| Indian Institute of Public Administration | Indian Institute of Public Administration | 2009-09-14 | C41X54 C393 | 875 | 2018-07-21 | 2018-07-21 | Book |
